000 00416nam a2200169Ia 4500
008 100315s9999 xx 000 0 und d
082 _b1566 
_a658.8 
245 _aEXPORT MARKETING
260 _aMBAI UNIVERSITY 
_bMUMBAI UNIVERSITY  
_c
300 _a217P 
365 _d
_b0.00 
366 _f
530 _b-  
630 _aEXPORT MARKETING
730 _aEXPORT MARKETING
942 _cBOOK
999 _c476301
_d476298